Polscy aktorzy - Statystyki

Ogólne statystyki
  • Ten quiz został rozwiązany 1 053 razy
  • Średni wynik to 13 z 24
Statystyki odpowiedzi
Obrazkowy Odpowiedź % Poprawnych
Cezary Pazura
96%
Tomasz Karolak
93%
Małgorzata Kożuchowska
90%
Andrzej Grabowski
89%
Cezary Żak
85%
Anna Mucha
80%
Paweł Królikowski
79%
Katarzyna Cichopek
75%
Artur Barciś
67%
Piotr Fronczewski
64%
Bohdan Smoleń
57%
Franciszek Pieczka
52%
Michał Milowicz
45%
Ryszard Kotys
45%
Kacper Kuszewski
42%
Abelard Giza
40%
Janusz Chabior
32%
Magdalena Walach
30%
Andrzej Młynarczyk
24%
Piotr Pręgowski
24%
Tomasz Dedek
23%
Mirosław Zbrojewicz
21%
Sylwester Maciejewski
20%
Sławomir Orzechowski
19%
Nie znaleziono quizów pasujących do podanych kryteriów
Rozkład punktacji
Procent ludzi z każdym wynikiem
Percentyl według liczby udzielonych odpowiedzi
Twoja historia wyników
Nie rozwiązałeś tego quizu